000 00297nam a22001337a 4500
008 170608b xxu||||| |||| 00| 0 eng d
020 _a9781933116709
041 _aeng
080 _22ND
_a32
100 _a18
101 _aSHP
245 _aTHE CHALLENGE OF POLITICS
_cRIEMER,N
942 _2udc
_cBK
999 _c16434
_d16434